01285nam a2200253 a 4500008004100000020001800041050001600059100001900075245005500094260003300149300002100182350000900203490002000212650002200232650006100254650004900315650003800364650001400402995016400416995016400580999001700744952013500761952013500896100122s2006 ||||||||||||||||| || u a9780340928318 aTK 7887 Pri aPrice, Anthony10aTeach yourself home PC maintenance and networking. aLondon:bHodder Arnoldc2006 axii, 274p.; ill. a0.00 aTeach yourself  0aCOMPUTER NETWORKS aMICROCOMPUTERS--MAINTENANCE AND REPAIR--AMATEURS' MANUAL aMICROCOMPUTERS--UPGRADING--AMATEURS' MANUALS aCOMPUTERS--MAINTENANCE AND REPAIR aCOMPUTERS aMAIN LIBRARY OPEN ACCESSD0.00e740566FCBU-MAIN LIBRARY (Kitwe)H1I0.00jTK 7887 PriM1UAVAILABLEWMar 24, 2010y740566ZMain Library Open Access Collection aMAIN LIBRARY OPEN ACCESSD0.00e740567FCBU-MAIN LIBRARY (Kitwe)H1I0.00jTK 7887 PriM2UAVAILABLEWMar 24, 2010y740567ZMain Library Open Access Collection c80927d80927 00102lcc4070a001b001cMain Library Open Access Collectiond2023-07-11l0oTK 7887 Prip740566r2023-07-11t1w2023-07-11y002 00102lcc4070a001b001cMain Library Open Access Collectiond2023-07-11l0oTK 7887 Prip740567r2023-07-11t2w2023-07-11y002